[Event "EUYCC 2025 - U12"]
[Site "?"]
[Date "2025.08.21"]
[Round "3.17"]
[White "Maesepp, Stella"]
[Black "Sevcikova, Terezie"]
[Result "0-1"]
[BlackElo "1568"]
[WhiteElo "1520"]
[LiveChessVersion "1.4.8"]

1. Nf3 {[%clk 1:30:53]} d5 {[%clk 1:30:47]} 2. c4 {[%clk 1:31:10]} e6
{[%clk 1:30:57]} 3. g3 {[%clk 1:31:04]} Nf6 {[%clk 1:31:09]} 4. Bg2
{[%clk 1:30:43]} Bd6 {[%clk 1:30:01]} 5. O-O {[%clk 1:30:34]} O-O
{[%clk 1:30:13]} 6. b3 {[%clk 1:30:24]} Nbd7 {[%clk 1:27:15]} 7. Bb2
{[%clk 1:28:25]} b6 {[%clk 1:25:57]} 8. d3 {[%clk 1:25:00]} Bb7 {[%clk 1:23:40]}
9. cxd5 {[%clk 1:23:01]} exd5 {[%clk 1:22:04]} 10. Re1 {[%clk 1:19:13]} Re8
{[%clk 1:20:27]} 11. Qc2 {[%clk 1:10:12]} c5 {[%clk 1:15:04]} 12. e3
{[%clk 1:07:48]} Rc8 {[%clk 1:11:14]} 13. Qd2 {[%clk 1:01:56]} h6
{[%clk 1:10:08]} 14. h3 {[%clk 0:53:52]} Nb8 {[%clk 1:02:57]} 15. Na3
{[%clk 0:43:39]} a6 {[%clk 0:59:08]} 16. Nc2 {[%clk 0:43:09]} Nc6
{[%clk 0:58:39]} 17. a3 {[%clk 0:40:13]} Na5 {[%clk 0:56:16]} 18. Bxf6
{[%clk 0:33:16]} Qxf6 {[%clk 0:55:55]} 19. Rab1 {[%clk 0:33:31]} Nc6
{[%clk 0:49:22]} 20. h4 {[%clk 0:31:00]} Ne5 {[%clk 0:45:46]} 21. Nxe5
{[%clk 0:30:39]} Bxe5 {[%clk 0:45:46]} 22. Rbd1 {[%clk 0:27:59]} Bc3
{[%clk 0:45:07]} 23. Qe2 {[%clk 0:27:44]} Bxe1 {[%clk 0:45:21]} 24. Rxe1
{[%clk 0:28:05]} Rc7 {[%clk 0:42:55]} 25. Kh2 {[%clk 0:24:36]} d4
{[%clk 0:42:32]} 26. e4 {[%clk 0:24:41]} Rce7 {[%clk 0:42:47]} 27. Bh3
{[%clk 0:24:18]} Bd5 {[%clk 0:40:27]} 28. Rb1 {[%clk 0:23:51]} Bxe4
{[%clk 0:37:04]} 29. dxe4 {[%clk 0:23:07]} Rxe4 {[%clk 0:37:20]} 30. Qd3
{[%clk 0:20:46]} Qxf2+ {[%clk 0:37:17]} 31. Bg2 {[%clk 0:20:57]} Re2
{[%clk 0:37:39]} 32. Rg1 {[%clk 0:20:01]} Rxc2 {[%clk 0:37:54]} 33. Kh3
{[%clk 0:19:58]} Rc3 {[%clk 0:38:12]} 34. Qxc3 {[%clk 0:19:13]} dxc3
{[%clk 0:38:30]} 35. Bf1 {[%clk 0:19:02]} Qxg1 0-1

[Event "EUYCC 2025 - U12"]
[Site "?"]
[Date "2025.08.21"]
[Round "3.18"]
[White "Krastinsh, Daniels"]
[Black "Siskova, Alexandra"]
[Result "1/2-1/2"]
[BlackElo "1471"]
[WhiteElo "1560"]
[LiveChessVersion "1.4.8"]

1. e4 {[%clk 1:30:50]} d6 {[%clk 1:30:46]} 2. Nf3 {[%clk 1:29:24]} Nf6
{[%clk 1:30:36]} 3. Bc4 {[%clk 1:28:25]} g6 {[%clk 1:30:36]} 4. h3
{[%clk 1:26:29]} Bg7 {[%clk 1:30:44]} 5. d3 {[%clk 1:25:36]} O-O {[%clk 1:30:52]}
6. O-O {[%clk 1:25:02]} Nc6 {[%clk 1:30:16]} 7. Be3 {[%clk 1:23:06]} e5
{[%clk 1:30:10]} 8. Nc3 {[%clk 1:21:05]} Bd7 {[%clk 1:29:12]} 9. a3
{[%clk 1:19:46]} a6 {[%clk 1:27:55]} 10. Ba2 {[%clk 1:19:28]} b5 {[%clk 1:27:32]}
11. Qd2 {[%clk 1:15:51]} b4 {[%clk 1:25:03]} 12. axb4 {[%clk 1:13:22]} Nxb4 13.
Bc4 {[%clk 1:12:27]} c6 {[%clk 1:24:27]} 14. Bb3 {[%clk 1:10:36]} Re8
{[%clk 1:22:59]} 15. Ne2 {[%clk 1:09:16]} a5 {[%clk 1:15:19]} 16. Bh6
{[%clk 1:01:45]} d5 {[%clk 1:10:16]} 17. Ng3 {[%clk 0:52:29]} Qb6
{[%clk 1:00:37]} 18. Bxg7 {[%clk 0:48:44]} Kxg7 {[%clk 0:57:31]} 19. Nh4
{[%clk 0:48:28]} h6 {[%clk 0:35:52]} 20. Kh1 {[%clk 0:48:25]} dxe4
{[%clk 0:26:59]} 21. dxe4 {[%clk 0:48:03]} Qd4 {[%clk 0:25:52]} 22. Qxd4
{[%clk 0:46:30]} exd4 {[%clk 0:25:28]} 23. Rfe1 {[%clk 0:42:43]} Be6
{[%clk 0:18:29]} 24. Bxe6 {[%clk 0:42:31]} fxe6 {[%clk 0:17:48]} 25. Re2
{[%clk 0:41:01]} c5 {[%clk 0:16:20]} 26. c3 {[%clk 0:38:51]} dxc3
{[%clk 0:16:34]} 27. bxc3 {[%clk 0:38:40]} Nd3 {[%clk 0:17:00]} 28. Kg1
{[%clk 0:36:07]} a4 {[%clk 0:17:10]} 29. Rea2 {[%clk 0:33:46]} g5
{[%clk 0:16:54]} 30. Nf3 {[%clk 0:33:55]} Reb8 {[%clk 0:17:01]} 31. Nd2
{[%clk 0:32:57]} Rb2 {[%clk 0:16:39]} 32. Nc4 {[%clk 0:31:01]} Rxa2
{[%clk 0:16:23]} 33. Rxa2 {[%clk 0:31:18]} Nc1 {[%clk 0:16:51]} 34. Ra3
{[%clk 0:31:29]} h5 {[%clk 0:16:38]} 35. e5 {[%clk 0:31:27]} Nd5 {[%clk 0:16:45]}
36. Nxh5+ {[%clk 0:31:36]} Kg6 {[%clk 0:17:05]} 37. Ng3 {[%clk 0:31:22]} Rb8
{[%clk 0:15:21]} 38. Ne4 {[%clk 0:30:46]} Rb3 {[%clk 0:14:25]} 39. Nxc5
{[%clk 0:29:47]} Rxa3 {[%clk 0:13:53]} 40. Nxa3 {[%clk 0:30:05]} Nxc3
{[%clk 0:14:20]} 41. Nxe6 {[%clk 0:28:30]} Kf5 {[%clk 0:14:38]} 42. Nd4+
{[%clk 0:25:44]} Kxe5 {[%clk 0:15:01]} 43. Ndc2 {[%clk 0:26:11]} Kf4
{[%clk 0:14:20]} 44. Kf1 {[%clk 0:25:41]} Nd3 {[%clk 0:13:43]} 45. Ne1
{[%clk 0:23:54]} Ke4 {[%clk 0:13:13]} 46. Nac2 {[%clk 0:19:52]} Nxe1
{[%clk 0:12:45]} 47. Kxe1 {[%clk 0:20:20]} Nb5 {[%clk 0:10:39]} 48. Kd2
{[%clk 0:19:47]} a3 {[%clk 0:10:40]} 49. Na1 {[%clk 0:16:28]} Nd4
{[%clk 0:08:16]} 50. Kc3 {[%clk 0:12:56]} Ne2+ {[%clk 0:08:32]} 51. Kd2
{[%clk 0:12:50]} Ng1 {[%clk 0:08:51]} 52. Kc2 {[%clk 0:09:48]} Nxh3
{[%clk 0:08:57]} 53. gxh3 {[%clk 0:09:21]} Kf3 {[%clk 0:09:15]} 54. Kb3
{[%clk 0:09:34]} Kxf2 {[%clk 0:09:33]} 55. Nc2 {[%clk 0:09:34]} Kg3
{[%clk 0:09:56]} 56. Kxa3 {[%clk 0:09:10]} Kxh3 {[%clk 0:10:19]} 57. Kb3
{[%clk 0:09:17]} g4 {[%clk 0:10:32]} 58. Kc3 {[%clk 0:09:38]} g3 {[%clk 0:10:45]}
59. Ne1 {[%clk 0:10:05]} Kh2 {[%clk 0:10:56]} 1/2-1/2

[Event "EUYCC 2025 - U12"]
[Site "?"]
[Date "2025.08.22"]
[Round "4.1"]
[White "Cieslar, Nikodem"]
[Black "Bilochenko, Matvii"]
[Result "0-1"]
[BlackElo "1972"]
[WhiteElo "1786"]
[LiveChessVersion "1.4.8"]

1. e4 {[%clk 1:30:58]} c5 {[%clk 1:30:54]} 2. c3 {[%clk 1:30:54]} Nf6
{[%clk 1:31:12]} 3. e5 {[%clk 1:31:18]} Nd5 {[%clk 1:31:39]} 4. d4
{[%clk 1:31:37]} cxd4 {[%clk 1:31:55]} 5. Nf3 {[%clk 1:31:53]} Nc6
{[%clk 1:32:02]} 6. cxd4 {[%clk 1:32:04]} d6 {[%clk 1:32:07]} 7. Bc4
{[%clk 1:32:01]} Nb6 {[%clk 1:32:03]} 8. Bb5 {[%clk 1:32:06]} dxe5
{[%clk 1:32:18]} 9. Nxe5 Bd7 {[%clk 1:32:15]} 10. Nxd7 {[%clk 1:32:20]} Qxd7
{[%clk 1:32:28]} 11. Nc3 {[%clk 1:32:05]} e6 {[%clk 1:31:13]} 12. O-O
{[%clk 1:32:11]} a6 {[%clk 1:30:14]} 13. Bxc6 {[%clk 1:31:51]} Qxc6
{[%clk 1:30:21]} 14. Re1 {[%clk 1:32:17]} Bb4 {[%clk 1:26:41]} 15. Qb3
{[%clk 1:26:50]} Bxc3 {[%clk 1:20:09]} 16. bxc3 {[%clk 1:27:11]} Rc8
{[%clk 1:11:02]} 17. Rb1 {[%clk 1:22:57]} Nd5 {[%clk 1:03:15]} 18. Qxb7
{[%clk 1:21:45]} O-O {[%clk 0:51:21]} 19. Qxc6 {[%clk 1:18:56]} Rxc6
{[%clk 0:51:50]} 20. Bd2 {[%clk 1:19:11]} Nxc3 {[%clk 0:44:22]} 21. Bxc3
{[%clk 1:16:10]} Rxc3 {[%clk 0:44:49]} 22. Rbd1 {[%clk 1:15:30]} Rc2
{[%clk 0:41:45]} 23. a3 {[%clk 1:13:20]} Rc3 {[%clk 0:36:09]} 24. Re3
{[%clk 1:13:21]} Rfc8 {[%clk 0:33:42]} 25. h3 {[%clk 1:09:59]} Rc1
{[%clk 0:23:29]} 26. Rxc1 {[%clk 1:00:37]} Rxc1+ {[%clk 0:23:15]} 27. Kh2
{[%clk 1:01:01]} Kf8 {[%clk 0:21:40]} 28. Rd3 {[%clk 1:00:07]} Ra1
{[%clk 0:19:28]} 29. Rb3 {[%clk 0:55:28]} Ke7 {[%clk 0:18:17]} 30. Rb7+
{[%clk 0:55:43]} Ke8 {[%clk 0:18:26]} 31. Rb8+ {[%clk 0:55:25]} Ke7
{[%clk 0:18:51]} 32. Rb7+ {[%clk 0:55:49]} Kf6 {[%clk 0:18:56]} 33. Rb3
{[%clk 0:56:14]} a5 {[%clk 0:18:03]} 34. g4 {[%clk 0:54:39]} a4 {[%clk 0:17:42]}
35. Rb6 {[%clk 0:53:03]} Rxa3 {[%clk 0:16:24]} 36. d5 {[%clk 0:53:18]} Rd3
{[%clk 0:15:47]} 37. dxe6 {[%clk 0:53:12]} fxe6 {[%clk 0:16:09]} 38. Ra6
{[%clk 0:53:38]} a3 {[%clk 0:15:43]} 39. f4 {[%clk 0:53:09]} g6 {[%clk 0:15:06]}
40. Kg2 {[%clk 0:53:08]} h5 {[%clk 0:14:42]} 41. Ra7 {[%clk 0:51:50]} hxg4
{[%clk 0:11:27]} 42. hxg4 {[%clk 0:52:15]} g5 {[%clk 0:11:26]} 43. f5
{[%clk 0:48:12]} exf5 {[%clk 0:10:39]} 44. Ra6+ {[%clk 0:48:24]} Ke5
{[%clk 0:10:22]} 45. Ra5+ {[%clk 0:48:49]} Rd5 {[%clk 0:05:55]} 46. Rxa3
{[%clk 0:49:05]} f4 {[%clk 0:05:55]} 47. Kf3 {[%clk 0:49:26]} Rc5
{[%clk 0:05:36]} 48. Rd3 {[%clk 0:49:20]} Rb5 {[%clk 0:04:04]} 49. Rd8
{[%clk 0:49:06]} Rb3+ {[%clk 0:04:20]} 50. Kf2 {[%clk 0:49:27]} Rg3
{[%clk 0:04:30]} 51. Re8+ {[%clk 0:48:58]} Kf6 {[%clk 0:04:51]} 52. Re1
{[%clk 0:48:05]} Rxg4 {[%clk 0:05:08]} 53. Kf3 {[%clk 0:48:30]} Kf5
{[%clk 0:05:05]} 54. Ra1 {[%clk 0:48:29]} Rg3+ {[%clk 0:05:30]} 55. Kf2
{[%clk 0:48:53]} Rb3 {[%clk 0:05:55]} 56. Ra2 {[%clk 0:48:22]} Kg4
{[%clk 0:05:34]} 57. Ra5 {[%clk 0:48:42]} Rb2+ {[%clk 0:05:48]} 58. Kg1
{[%clk 0:48:45]} Kh4 {[%clk 0:05:59]} 59. Kh1 {[%clk 0:48:40]} g4
{[%clk 0:06:08]} 60. Ra3 {[%clk 0:48:38]} f3 {[%clk 0:06:12]} 0-1

[Event "EUYCC 2025 - U12"]
[Site "?"]
[Date "2025.08.22"]
[Round "4.2"]
[White "Rzadkowska, Lila"]
[Black "Temirbek, Amirali"]
[Result "0-1"]
[BlackElo "1773"]
[WhiteElo "1964"]
[LiveChessVersion "1.4.8"]

1. c4 {[%clk 1:30:55]} Nf6 {[%clk 1:30:27]} 2. Nc3 {[%clk 1:31:16]} g6
{[%clk 1:30:09]} 3. d4 {[%clk 1:31:36]} Bg7 {[%clk 1:30:14]} 4. e4
{[%clk 1:32:00]} d6 {[%clk 1:30:39]} 5. Be2 {[%clk 1:32:16]} O-O {[%clk 1:31:00]}
6. Bg5 {[%clk 1:32:39]} c5 {[%clk 1:31:00]} 7. d5 {[%clk 1:32:42]} Nbd7
{[%clk 1:31:14]} 8. Qd2 {[%clk 1:29:41]} Rb8 {[%clk 1:27:42]} 9. h4
{[%clk 1:25:48]} a6 {[%clk 1:23:54]} 10. a4 {[%clk 1:22:59]} Qc7 {[%clk 1:19:11]}
11. h5 {[%clk 1:21:01]} Re8 {[%clk 1:12:07]} 12. hxg6 {[%clk 1:17:40]} fxg6
{[%clk 1:11:58]} 13. Nf3 {[%clk 1:04:14]} Nf8 {[%clk 1:05:24]} 14. Bf4
{[%clk 0:56:56]} Bg4 {[%clk 1:00:41]} 15. Bh6 {[%clk 0:41:57]} Bxh6
{[%clk 0:58:26]} 16. Qxh6 {[%clk 0:41:43]} e6 {[%clk 0:58:09]} 17. Qh4
{[%clk 0:34:43]} Qe7 {[%clk 0:54:56]} 18. O-O-O {[%clk 0:28:14]} exd5
{[%clk 0:52:26]} 19. exd5 {[%clk 0:27:44]} Bf5 {[%clk 0:49:36]} 20. Rde1
{[%clk 0:24:59]} Ne4 {[%clk 0:44:34]} 21. Qxe7 {[%clk 0:24:10]} Rxe7
{[%clk 0:44:47]} 22. Nxe4 {[%clk 0:20:59]} Bxe4 {[%clk 0:42:51]} 23. Kd2
{[%clk 0:19:55]} Nd7 {[%clk 0:40:18]} 24. Bd3 {[%clk 0:18:00]} Nf6
{[%clk 0:37:26]} 25. Re3 {[%clk 0:15:39]} Rbe8 {[%clk 0:37:29]} 26. Rhe1
{[%clk 0:15:58]} Kf8 {[%clk 0:37:13]} 27. Ng5 {[%clk 0:15:59]} Bxg2
{[%clk 0:34:47]} 28. Ne6+ {[%clk 0:16:14]} Kg8 {[%clk 0:35:06]} 29. Rg3
{[%clk 0:14:30]} Bxd5 {[%clk 0:34:32]} 30. cxd5 {[%clk 0:13:58]} Nxd5
{[%clk 0:34:54]} 31. Bc4 {[%clk 0:14:03]} Nb6 {[%clk 0:34:31]} 32. Ba2
{[%clk 0:13:48]} d5 {[%clk 0:32:20]} 33. Rge3 {[%clk 0:13:57]} c4
{[%clk 0:32:31]} 34. a5 {[%clk 0:12:48]} Nd7 {[%clk 0:28:42]} 35. b3
{[%clk 0:11:03]} Nf6 {[%clk 0:27:58]} 36. f3 {[%clk 0:10:57]} d4 {[%clk 0:26:44]}
37. Nxd4 {[%clk 0:09:21]} Rxe3 {[%clk 0:27:06]} 38. Rxe3 {[%clk 0:09:40]} Rd8
{[%clk 0:27:33]} 39. bxc4 {[%clk 0:09:08]} Rxd4+ {[%clk 0:27:00]} 40. Kc3
{[%clk 0:08:38]} Rd7 {[%clk 0:27:16]} 41. Re6 {[%clk 0:08:06]} Kf7
{[%clk 0:26:36]} 42. Rb6 {[%clk 0:08:24]} h5 {[%clk 0:19:19]} 43. c5+
{[%clk 0:08:24]} Kg7 {[%clk 0:19:45]} 44. c6 {[%clk 0:08:07]} bxc6
{[%clk 0:20:11]} 45. Rxa6 {[%clk 0:07:00]} Nd5+ {[%clk 0:14:38]} 46. Bxd5
{[%clk 0:05:53]} Rxd5 {[%clk 0:14:47]} 47. Ra7+ {[%clk 0:06:06]} Kf6
{[%clk 0:14:56]} 48. a6 {[%clk 0:05:59]} h4 {[%clk 0:14:26]} 49. Ra8
{[%clk 0:05:04]} Kg5 {[%clk 0:13:13]} 50. a7 {[%clk 0:04:49]} Ra5
{[%clk 0:13:33]} 51. f4+ {[%clk 0:04:02]} Kxf4 {[%clk 0:03:09]} 52. Rf8+
{[%clk 0:04:26]} Kg3 {[%clk 0:03:33]} 53. a8=Q {[%clk 0:04:48]} Rxa8
{[%clk 0:03:58]} 54. Rxa8 {[%clk 0:05:13]} g5 {[%clk 0:04:23]} 55. Kd4
{[%clk 0:04:45]} h3 {[%clk 0:04:28]} 56. Ra3+ {[%clk 0:04:57]} Kh4
{[%clk 0:03:41]} 57. Ke3 {[%clk 0:04:15]} h2 {[%clk 0:03:32]} 58. Ra8
{[%clk 0:04:40]} Kg3 {[%clk 0:03:20]} 59. Rh8 {[%clk 0:04:49]} Kg2
{[%clk 0:03:31]} 60. Rg8 {[%clk 0:04:22]} h1=Q {[%clk 0:03:49]} 61. Rxg5+
{[%clk 0:04:39]} Kf1 {[%clk 0:04:03]} 62. Rf5+ {[%clk 0:04:53]} Ke1
{[%clk 0:04:21]} 0-1

[Event "EUYCC 2025 - U12"]
[Site "?"]
[Date "2025.08.22"]
[Round "4.3"]
[White "Pasca, Alexandru-Daniel"]
[Black "Vanek, Martin"]
[Result "1-0"]
[BlackElo "1791"]
[WhiteElo "1873"]
[LiveChessVersion "1.4.8"]

1. e4 {[%clk 1:30:58]} e6 {[%clk 1:30:59]} 2. d4 {[%clk 1:31:22]} d5
{[%clk 1:31:25]} 3. exd5 {[%clk 1:31:49]} exd5 {[%clk 1:31:53]} 4. Nf3
{[%clk 1:32:14]} Bd6 {[%clk 1:32:01]} 5. c4 {[%clk 1:32:34]} dxc4
{[%clk 1:31:38]} 6. Bxc4 {[%clk 1:32:56]} Nf6 {[%clk 1:31:34]} 7. Nc3
{[%clk 1:33:17]} O-O {[%clk 1:30:57]} 8. O-O {[%clk 1:33:42]} c6 {[%clk 1:29:22]}
9. Bg5 {[%clk 1:31:51]} Bg4 {[%clk 1:27:55]} 10. h3 {[%clk 1:31:57]} Bh5
{[%clk 1:27:54]} 11. g4 {[%clk 1:32:10]} Bg6 {[%clk 1:27:45]} 12. Ne5
{[%clk 1:31:52]} Nbd7 {[%clk 1:21:10]} 13. f4 {[%clk 1:26:49]} h6
{[%clk 1:16:51]} 14. Nxg6 {[%clk 1:25:32]} hxg5 {[%clk 1:13:07]} 15. Nxf8
{[%clk 1:25:16]} Nxf8 {[%clk 1:09:25]} 16. fxg5 {[%clk 1:25:16]} Nd5
{[%clk 1:07:48]} 17. Bxd5 {[%clk 1:24:35]} cxd5 {[%clk 1:08:15]} 18. Qf3
{[%clk 1:24:58]} Qxg5 {[%clk 1:06:08]} 19. Qxf7+ {[%clk 1:25:19]} Kh7
{[%clk 1:06:13]} 20. Qf5+ {[%clk 1:25:43]} Qg6 {[%clk 1:05:40]} 21. Nxd5
{[%clk 1:26:06]} Rd8 {[%clk 1:04:03]} 22. Qxg6+ {[%clk 1:24:36]} Nxg6
{[%clk 1:04:20]} 23. Rf5 {[%clk 1:18:29]} Re8 {[%clk 1:02:42]} 24. Rf7
{[%clk 1:13:09]} Re2 {[%clk 1:01:03]} 25. Rf2 {[%clk 1:10:57]} Re4
{[%clk 1:01:05]} 26. Rd1 {[%clk 1:05:57]} Nh4 {[%clk 0:59:56]} 27. Kf1
{[%clk 1:05:10]} Re8 {[%clk 0:57:29]} 28. Rd3 {[%clk 1:00:58]} Rc8
{[%clk 0:55:24]} 29. Nc3 {[%clk 1:00:16]} Ng6 {[%clk 0:55:07]} 30. Rf5
{[%clk 0:48:27]} Nf4 {[%clk 0:53:45]} 31. Re3 {[%clk 0:47:20]} Kg8
{[%clk 0:50:44]} 32. Re4 {[%clk 0:45:29]} Nxh3 {[%clk 0:50:41]} 33. Kg2
{[%clk 0:45:47]} 1-0

[Event "EUYCC 2025 - U12"]
[Site "?"]
[Date "2025.08.22"]
[Round "4.4"]
[White "Strekalovs, Ernests"]
[Black "Konstantinides, Savvas"]
[Result "1/2-1/2"]
[BlackElo "1864"]
[WhiteElo "1683"]
[LiveChessVersion "1.4.8"]

1. Nf3 {[%clk 1:30:54]} Nf6 {[%clk 1:30:53]} 2. g3 {[%clk 1:31:19]} e6
{[%clk 1:31:07]} 3. Bg2 {[%clk 1:31:44]} d5 {[%clk 1:31:10]} 4. O-O
{[%clk 1:31:55]} b6 {[%clk 1:29:55]} 5. d3 {[%clk 1:30:40]} Bb7 {[%clk 1:29:07]}
6. Nbd2 {[%clk 1:29:56]} Be7 {[%clk 1:28:49]} 7. c3 {[%clk 1:26:56]} O-O
{[%clk 1:25:42]} 8. d4 {[%clk 1:25:45]} c5 {[%clk 1:23:26]} 9. e3
{[%clk 1:22:47]} Nc6 {[%clk 1:21:47]} 10. b3 {[%clk 1:21:09]} a5 {[%clk 1:17:38]}
11. Ne5 {[%clk 1:12:25]} Nxe5 {[%clk 1:11:47]} 12. dxe5 {[%clk 1:12:50]} Nd7
{[%clk 1:12:07]} 13. f4 {[%clk 1:13:07]} Rc8 {[%clk 1:11:32]} 14. c4
{[%clk 1:12:06]} Qc7 {[%clk 1:09:33]} 15. Bb2 {[%clk 1:11:16]} dxc4
{[%clk 0:56:13]} 16. Bxb7 {[%clk 1:10:27]} Qxb7 {[%clk 0:56:29]} 17. Nxc4
{[%clk 1:10:51]} Rcd8 {[%clk 0:54:17]} 18. Qe2 {[%clk 1:08:48]} Nb8
{[%clk 0:52:14]} 19. a4 {[%clk 1:08:10]} Nc6 {[%clk 0:51:12]} 20. Rad1
{[%clk 1:04:54]} Nb4 {[%clk 0:45:39]} 21. e4 {[%clk 1:03:10]} Qc7
{[%clk 0:32:29]} 22. Rxd8 {[%clk 0:55:56]} Rxd8 {[%clk 0:32:50]} 23. Rd1
{[%clk 0:56:17]} Rxd1+ {[%clk 0:30:43]} 24. Qxd1 {[%clk 0:56:40]} Qd8
{[%clk 0:30:51]} 25. Qxd8+ {[%clk 0:53:59]} Bxd8 {[%clk 0:29:48]} 26. Kf2
{[%clk 0:54:18]} Kf8 {[%clk 0:29:44]} 27. Ke3 {[%clk 0:54:31]} Ke7
{[%clk 0:29:34]} 28. g4 {[%clk 0:54:34]} Bc7 {[%clk 0:27:57]} 29. g5
{[%clk 0:53:14]} g6 {[%clk 0:26:44]} 30. Bc3 {[%clk 0:52:24]} Na6
{[%clk 0:24:52]} 31. Kd3 {[%clk 0:51:38]} Kd7 {[%clk 0:16:32]} 32. Ne3
{[%clk 0:50:34]} Bd8 {[%clk 0:15:46]} 33. Kc4 {[%clk 0:50:40]} Nc7
{[%clk 0:16:06]} 34. h4 Kc6 1/2-1/2

[Event "EUYCC 2025 - U12"]
[Site "?"]
[Date "2025.08.22"]
[Round "4.5"]
[White "Lazars, Krisjanis"]
[Black "Ganea, Yanis-Andrei"]
[Result "1/2-1/2"]
[BlackElo "1917"]
[WhiteElo "1845"]
[LiveChessVersion "1.4.8"]

1. e4 {[%clk 1:30:58]} e5 {[%clk 1:30:48]} 2. Nf3 Nc6 {[%clk 1:31:07]} 3. Bb5
{[%clk 1:31:54]} f5 {[%clk 1:31:30]} 4. d3 {[%clk 1:30:17]} fxe4 {[%clk 1:31:48]}
5. dxe4 {[%clk 1:30:45]} Nf6 {[%clk 1:32:08]} 6. O-O {[%clk 1:25:23]} d6
{[%clk 1:32:17]} 7. Nc3 {[%clk 1:25:19]} Be7 {[%clk 1:30:36]} 8. Bg5
{[%clk 1:17:03]} O-O {[%clk 1:29:16]} 9. Nd5 {[%clk 1:09:54]} Bg4
{[%clk 1:01:12]} 10. Bxc6 {[%clk 0:59:15]} bxc6 {[%clk 1:01:02]} 11. Nxe7+
{[%clk 0:59:44]} Qxe7 {[%clk 1:01:17]} 12. h3 {[%clk 0:59:58]} Bh5
{[%clk 1:01:30]} 13. g4 {[%clk 0:53:25]} Bg6 {[%clk 1:01:43]} 14. Re1
{[%clk 0:52:18]} h6 {[%clk 1:01:54]} 15. Bh4 {[%clk 0:46:05]} Qe6
{[%clk 0:58:01]} 16. Bxf6 {[%clk 0:43:23]} Qxf6 {[%clk 0:57:46]} 17. Re3
{[%clk 0:25:40]} Bxe4 {[%clk 0:56:14]} 18. Rxe4 {[%clk 0:21:39]} Qxf3
{[%clk 0:56:36]} 19. Qxf3 {[%clk 0:22:05]} Rxf3 {[%clk 0:56:55]} 20. Kg2
{[%clk 0:22:34]} Raf8 {[%clk 0:57:08]} 21. Rf1 {[%clk 0:22:50]} R3f4
{[%clk 0:57:24]} 22. Rxf4 {[%clk 0:21:42]} Rxf4 {[%clk 0:57:52]} 23. Re1
{[%clk 0:21:17]} Rc4 {[%clk 0:57:54]} 24. c3 {[%clk 0:21:13]} Kf7
{[%clk 0:58:17]} 25. Re3 {[%clk 0:19:47]} Rf4 {[%clk 0:58:25]} 26. c4
{[%clk 0:17:36]} Rxc4 {[%clk 0:54:38]} 27. Ra3 {[%clk 0:18:05]} Ke6
{[%clk 0:54:49]} 28. Rxa7 {[%clk 0:18:30]} Kd7 {[%clk 0:55:12]} 29. Kf3
{[%clk 0:18:14]} Rb4 {[%clk 0:55:02]} 30. b3 {[%clk 0:18:35]} d5 {[%clk 0:54:50]}
31. Ra8 {[%clk 0:18:34]} Rf4+ {[%clk 0:54:59]} 32. Ke3 {[%clk 0:18:32]} d4+
{[%clk 0:55:16]} 33. Ke2 {[%clk 0:18:54]} e4 {[%clk 0:55:05]} 34. Rg8
{[%clk 0:18:49]} d3+ {[%clk 0:50:31]} 35. Ke1 {[%clk 0:18:45]} Rf7
{[%clk 0:50:49]} 36. a4 {[%clk 0:19:00]} Kd6 {[%clk 0:51:03]} 37. Re8
{[%clk 0:17:21]} Re7 {[%clk 0:38:51]} 38. Rxe7 {[%clk 0:11:15]} Kxe7
{[%clk 0:38:51]} 39. Kd2 {[%clk 0:11:43]} Kd6 {[%clk 0:31:00]} 40. f3
{[%clk 0:11:36]} exf3 {[%clk 0:30:23]} 41. Kxd3 {[%clk 0:12:05]} Kc5
{[%clk 0:30:28]} 42. Ke3 {[%clk 0:12:25]} Kb4 {[%clk 0:30:38]} 43. Kxf3
{[%clk 0:12:51]} c5 {[%clk 0:30:59]} 44. Ke4 {[%clk 0:12:14]} c6 {[%clk 0:30:11]}
45. Ke5 {[%clk 0:11:16]} Kxb3 {[%clk 0:15:48]} 1/2-1/2

[Event "EUYCC 2025 - U12"]
[Site "?"]
[Date "2025.08.22"]
[Round "4.6"]
[White "Hamernikova, Iris"]
[Black "Bogomolnikova, Zlata"]
[Result "1-0"]
[BlackElo "1798"]
[WhiteElo "1511"]
[LiveChessVersion "1.4.8"]

1. e4 {[%clk 1:30:59]} c5 {[%clk 1:30:53]} 2. Nf3 {[%clk 1:31:23]} a6
{[%clk 1:31:16]} 3. d4 {[%clk 1:31:35]} cxd4 {[%clk 1:31:41]} 4. Nxd4
{[%clk 1:31:58]} Nf6 {[%clk 1:31:48]} 5. Nc3 {[%clk 1:32:10]} e5 {[%clk 1:32:00]}
6. Nb3 {[%clk 1:31:26]} Bb4 {[%clk 1:31:01]} 7. Bd3 {[%clk 1:29:00]} d5
{[%clk 1:29:08]} 8. exd5 {[%clk 0:59:38]} Qxd5 {[%clk 1:16:37]} 9. O-O
{[%clk 0:59:59]} Bxc3 {[%clk 1:16:44]} 10. bxc3 {[%clk 1:00:23]} O-O
{[%clk 1:15:24]} 11. Bg5 {[%clk 0:56:06]} Nbd7 {[%clk 1:10:03]} 12. Re1
{[%clk 0:30:13]} h6 {[%clk 0:58:02]} 13. Bh4 {[%clk 0:28:28]} Qc6
{[%clk 0:55:14]} 14. Bf5 {[%clk 0:20:53]} Re8 {[%clk 0:48:50]} 15. Re3
{[%clk 0:17:14]} Nb6 {[%clk 0:48:13]} 16. Na5 {[%clk 0:11:05]} Qc7
{[%clk 0:47:08]} 17. Bxc8 {[%clk 0:11:13]} Nxc8 {[%clk 0:45:47]} 18. Bxf6
{[%clk 0:11:37]} gxf6 {[%clk 0:41:20]} 19. Rg3+ {[%clk 0:12:00]} Kh7
{[%clk 0:41:30]} 20. Qg4 {[%clk 0:09:31]} 1-0